[Event "AUTO-ADV-2479"]
[Site "http://www.queenalice.com/game.php?id=1099193"]
[Date "2012.9.3"]
[Round "3"]
[White "vindaloo"]
[Black "waveydavey"]
[Result "0-1"]
[WhiteElo "1822"]
[BlackElo "1697"]

1. c4 e5 2. Nc3 d6 3. g3 Nf6 4. Bg2 Be7 5. d3 O-O 6. Nf3 h6 7. O-O Be6 8. Qc2
Nbd7 9. d4 Bxc4 10. dxe5 dxe5 11. b3 Ba6 12. Rd1 Bd6 13. e4 b6 14. Be3 Bb7 15.
Nd2 Ng4 16. Nf1 Qe7 17. h3 Ngf6 18. a3 c6 19. b4 c5 20. bxc5 Nxc5 21. f3 a6 22.
a4 Nfd7 23. Nd5 Qe6 24. Qa2 b5 25. a5 Na4 26. Rac1 Bxd5 27. Rxd5 Nf6 28. Rd2
Qxa2 29. Rxa2 Rfd8 30. Bf2 Bb4 31. Bb6 Rd6 32. Bc7 Re6 33. Rac2 Ba3 34. Rd1 Bc5+
35. Kh2 Bd4 36. Rd3 Nc5 37. Rd1 Nh5 38. Bb6 Nb3 39. Bxd4 Nxd4 40. Rc7 b4 41. Nd2
Rb8 42. Nc4 b3 43. Rd2 Nc2 44. Nb6 b2 45. Rdxc2 b1=Q 46. Rc1 Qb5 47. Bf1 Qxa5
48. Nd7 Rb2+ 49. Bg2 Rd6 50. Rc8+ Kh7 51. Nf8+ Kg8 52. R1c7 Rxg2+ 53. Kxg2 Rd2+
54. Kf1 Nxg3+ 55. Ke1 Re2+ 56. Kd1 Qd2# 0-1

[Event "AUTO-ADV-2479"]
[Site "http://www.queenalice.com/game.php?id=1099194"]
[Date "2012.9.3"]
[Round "3"]
[White "waveydavey"]
[Black "vindaloo"]
[Result "0-1"]
[WhiteElo "1709"]
[BlackElo "1810"]

1. d4 d5 2. c4 c6 3. e3 e6 4. Nf3 Nf6 5. Be2 Be7 6. O-O Nbd7 7. b3 O-O 8. Bb2
Qb6 9. c5 Qc7 10. Nbd2 a5 11. Qc2 b6 12. cxb6 Nxb6 13. Ne5 c5 14. Bb5 Bd6 15. a4
Bxe5 16. dxe5 Nfd7 17. f4 Ba6 18. Nf3 f6 19. f5 Nxe5 20. fxe6 Bxb5 21. axb5 Rfe8
22. Qf5 Ng6 23. Rac1 Rac8 24. Ba3 c4 25. Nd4 Ne7 26. Qg4 Qe5 27. Rc3 a4 28. Bxe7
Rxe7 29. Rf5 Qd6 30. Rxf6 Kh8 31. Rf7 Rxf7 32. exf7 Rf8 33. Nf5 Qf6 34. Rc1 axb3
35. Rf1 Rxf7 36. Ng3 Qe7 37. Qd4 Rxf1+ 38. Nxf1 Qf6 39. Qxf6 gxf6 40. Nd2 Na4
41. Kf1 b2 42. Ke1 c3 43. b6 cxd2+ 44. Kxd2 b1=Q 45. b7 Qxb7 0-1

[Event "Let's Play Chess!"]
[Site "http://www.queenalice.com/game.php?id=1103990"]
[Date "2012.9.18"]
[Round "-"]
[White "waveydavey"]
[Black "Strogonoff"]
[Result "1-0"]
[WhiteElo "1717"]
[BlackElo "1843"]

1. d4 d5 2. c4 e6 3. e3 Nf6 4. Nf3 Bb4+ 5. Bd2 Bxd2+ 6. Nbxd2 O-O 7. Be2 Nc6 8.
O-O dxc4 9. Bxc4 Re8 10. a3 e5 11. Ng5 Re7 12. Qb3 Qf8 13. d5 Na5 14. Qc3 Nxc4
15. Nxc4 h6 16. Nf3 e4 17. Nfe5 Nxd5 18. Qd4 Qd8 19. Rad1 c6 20. f3 exf3 21.
Rxf3 h5 22. Rg3 Be6 23. Rxg7+ Kf8 24. Rh7 f6 25. Ng6+ Kg8 26. Rh8+ 1-0

[Event "Let's Play Chess!"]
[Site "http://www.queenalice.com/game.php?id=1103991"]
[Date "2012.9.18"]
[Round "-"]
[White "waveydavey"]
[Black "spawnwolfwolverine"]
[Result "1-0"]
[WhiteElo "1702"]
[BlackElo "1681"]

1. d4 d5 2. c4 dxc4 3. e3 e6 4. Bxc4 Nc6 5. Nf3 Bb4+ 6. Bd2 Bxd2+ 7. Nbxd2 Nf6
8. O-O O-O 9. Ng5 a6 10. Qc2 b5 11. Bd3 g6 12. Qxc6 Bd7 13. Qc2 Nd5 14. Nde4 f5
15. Nc5 Nb4 16. Qb3 Nxd3 17. Nxd7 Qxd7 18. Nxe6 Rf7 19. Ng5 c5 20. Nxf7 c4 21.
Qc3 Qxf7 22. b3 Rc8 23. Rfd1 Qd5 24. Rxd3 cxd3 25. Qxc8+ Kf7 26. Qxa6 Qe4 27.
Rc1 Kg7 28. Qxb5 d2 29. Rd1 Qc2 30. Qe2 Qxa2 31. Qxd2 Qxb3 32. d5 g5 33. d6 h5
34. d7 f4 35. exf4 gxf4 36. Qd4+ Kg6 37. Qe4+ Kh6 38. Qxf4+ Kg6 39. Rd6+ Kg7 40.
Qg5+ Kf7 41. Qf6+ Kg8 42. d8=Q+ Kh7 43. Rd7+ Qf7 44. Rxf7# 1-0

[Event "Let's Play Chess!"]
[Site "http://www.queenalice.com/game.php?id=1103993"]
[Date "2012.9.18"]
[Round "-"]
[White "spawnwolfwolverine"]
[Black "waveydavey"]
[Result "0-1"]
[WhiteElo "1744"]
[BlackElo "1738"]

1. d4 d5 2. e3 c5 3. dxc5 Nc6 4. Bb5 a6 5. Bxc6+ bxc6 6. Nf3 Qa5+ 7. Bd2 Qxc5 8.
Nc3 e6 9. O-O Be7 10. Na4 Qa7 11. Ne5 Bd7 12. Nxd7 Qxd7 13. b3 Rb8 14. c4 Nf6
15. cxd5 cxd5 16. Bc3 O-O 17. Bxf6 Bxf6 18. Rc1 Be7 19. e4 Rb5 20. exd5 Rxd5 21.
Qf3 Bg5 22. Rcd1 Qb5 23. Rxd5 exd5 24. Nc3 Qa5 25. Qxd5 Qxc3 26. Qxg5 Re8 27.
Qd5 h6 28. g3 Rb8 29. h4 Qb2 30. Qd6 Rb5 31. a4 Rxb3 32. Qxa6 Rb6 33. Qc8+ Kh7
34. a5 Rb8 35. Qf5+ Kg8 36. a6 Qb6 37. Ra1 Ra8 38. Qa5 Qa7 39. Qb5 Rb8 40. Qc6
Ra8 41. Kg2 g6 42. f4 Kg7 43. g4 Rb8 44. g5 hxg5 45. fxg5 Rb2+ 46. Kf3 Qf2+ 47.
Ke4 Qf5+ 48. Kd4 Rd2+ 49. Ke3 Qd3+ 50. Kf4 Qd4+ 51. Kg3 Rd3+ 52. Kg2 Qb2+ 53.
Kf1 Qxa1+ 54. Ke2 Qd1+ 55. Kf2 Qd2+ 56. Kf1 Qf4+ 57. Ke1 Re3+ 58. Kd1 Qd4+ 59.
Kc1 Rc3+ 60. Qxc3 Qxc3+ 61. Kd1 Qd3+ 62. Ke1 Qxa6 63. h5 gxh5 64. g6 fxg6 65.
Kd2 h4 66. Ke3 h3 67. Ke4 h2 68. Kd5 h1=Q+ 69. Kd4 Qh4+ 70. Kc3 Qa3+ 71. Kc2
Qh2+ 72. Kb1 Qb3+ 73. Kc1 Qhc2# 0-1

[Event "Let's Play Chess!"]
[Site "http://www.queenalice.com/game.php?id=1103994"]
[Date "2012.9.18"]
[Round "-"]
[White "Strogonoff"]
[Black "waveydavey"]
[Result "1-0"]
[WhiteElo "1822"]
[BlackElo "1773"]

1. e4 c5 2. Nf3 d5 3. exd5 Qxd5 4. Nc3 Qd8 5. d4 cxd4 6. Nxd4 e6 7. Be3 Bb4 8.
Qd2 Nf6 9. a3 Qa5 10. Nb3 Bxc3 11. Nxa5 Bxd2+ 12. Bxd2 O-O 13. O-O-O Bd7 14.
Nxb7 Nc6 15. Bg5 Ne4 16. Be3 Bc8 17. Nc5 Nf6 18. g3 Rb8 19. Bg2 Ne5 20. Ne4 Nfg4
21. Bxa7 Rb5 22. Nd6 Ra5 23. Bd4 Nf6 24. Nxc8 Rxc8 25. Bxe5 Rxe5 26. f4 Rec5 27.
Rd2 Ng4 28. h3 Ne3 29. Be4 f5 30. Bd3 g5 31. Re1 Nc4 32. Rde2 gxf4 33. gxf4 Rb8
34. Bxc4 Rxc4 35. Rf2 Re8 36. b3 Rc3 37. a4 Rxh3 38. a5 Rc3 39. Kb2 Rc6 40. b4
Rb8 41. Kb3 Rd6 42. Rfe2 Re8 43. b5 Ra8 44. Rxe6 Rxe6 45. Rxe6 Rxa5 46. Re5 Kf7
47. Rxf5+ Ke6 48. Re5+ Kd6 49. c4 Kc7 50. Kb4 Ra8 51. Re7+ Kd6 52. Rxh7 Rc8 53.
Rh6+ Kc7 54. Rc6+ Kb7 55. Rxc8 Kxc8 56. c5 Kc7 57. f5 Kd7 58. f6 Ke8 59. b6 1-0

[Event "Let's Play Chess!"]
[Site "http://www.queenalice.com/game.php?id=1111698"]
[Date "2012.10.13"]
[Round "-"]
[White "FerreiraAzevedo"]
[Black "waveydavey"]
[Result "1-0"]
[WhiteElo "2760"]
[BlackElo "1773"]

1. e4 e5 2. h3 d6 3. Bc4 Nc6 4. Nf3 h6 5. O-O Nf6 6. d4 Nxe4 7. dxe5 dxe5 8.
Qxd8+ Nxd8 9. Nxe5 Bd6 10. Re1 Bf5 11. g4 Bh7 12. Nc3 Bxe5 13. Nxe4 O-O 14. c3
c6 15. Nc5 b5 16. Rxe5 bxc4 17. Nd7 f6 18. Re7 Bg6 19. Nxf8 Kxf8 20. Rc7 Bd3 21.
Be3 a5 22. Bc5+ Kg8 23. Re1 Nf7 24. f4 f5 25. Ree7 Rf8 26. Red7 fxg4 27. Bxf8
Bg6 28. f5 Ne5 29. Rxg7+ Kxf8 30. fxg6 Nf3+ 31. Kf1 gxh3 32. Rgf7+ Kg8 33. Rc8#
1-0

[Event "Let's Play Chess!"]
[Site "http://www.queenalice.com/game.php?id=1111876"]
[Date "2012.10.13"]
[Round "-"]
[White "smcneil"]
[Black "waveydavey"]
[Result "1-0"]
[WhiteElo "1749"]
[BlackElo "1785"]

1. e4 c5 2. Nf3 e6 3. d4 cxd4 4. Nxd4 Bc5 5. Nb5 Qa5+ 6. N1c3 a6 7. Nd4 Nf6 8.
Nb3 Qb6 9. Nxc5 Qxc5 10. Be2 O-O 11. O-O Nc6 12. Be3 Qe7 13. Na4 Nxe4 14. Bd3 b5
15. Nb6 Nxf2 16. Bxf2 Rb8 17. Nxc8 Rfxc8 18. a3 Ne5 19. Qh5 Nxd3 20. cxd3 Rc5
21. Bxc5 Qe8 22. b4 Rd8 23. Rf3 d6 24. Raf1 Rd7 25. Bxd6 g6 26. Qh6 Rxd6 27.
Rxf7 Qxf7 28. Rxf7 Kxf7 29. Qxh7+ Kf6 30. Qh4+ Kf7 31. d4 Rd5 32. Qf4+ Ke7 33.
Qe4 g5 34. g3 Kd6 35. h4 gxh4 36. gxh4 Rf5 37. Qg4 Rd5 38. h5 Rf5 39. h6 Rf7 40.
Qh4 Rh7 41. Qg5 Kd7 42. d5 Kd6 43. dxe6 Re7 44. Qxe7+ Kxe7 45. h7 1-0

[Event "Let's Play Chess!"]
[Site "http://www.queenalice.com/game.php?id=1111877"]
[Date "2012.10.13"]
[Round "-"]
[White "waveydavey"]
[Black "smcneil"]
[Result "1-0"]
[WhiteElo "1768"]
[BlackElo "1772"]

1. d4 b5 2. e3 Bb7 3. Nf3 a6 4. Be2 e6 5. O-O Nf6 6. b3 d5 7. Bb2 Bd6 8. c4 bxc4
9. bxc4 dxc4 10. Bxc4 O-O 11. Nbd2 Ne4 12. Nxe4 Bxe4 13. d5 exd5 14. Qd4 Qf6 15.
Qxf6 gxf6 16. Be2 Nd7 17. Nd4 Be5 18. f3 Bg6 19. f4 Bxd4 20. Bxd4 c5 21. Bb2 Be4
22. Bh5 Rab8 23. Rf2 Rb6 24. a4 Rfb8 25. Bc3 Rb1+ 26. Rf1 Rxf1+ 27. Rxf1 Rb3 28.
Bd2 Rb2 29. Bc1 Rxg2+ 30. Kh1 Rg5+ 31. Bf3 Bxf3+ 32. Rxf3 Rg7 33. Bb2 Kf8 34.
Rh3 Ke7 35. Rh5 Ke6 36. Rh6 Ke7 37. Rh5 Ke6 38. a5 Ke7 39. Rxd5 Rg8 40. Ba3 Rc8
41. Rh5 Ke6 42. Rxh7 c4 43. e4 c3 44. f5+ Ke5 45. Rxf7 Rc7 46. Re7+ Kf4 47. Bd6+
Ne5 48. Bxc7 c2 49. Bxe5+ fxe5 50. Rc7 Kxe4 51. f6 Kd3 52. f7 Kd2 53. f8=Q c1=Q+
54. Rxc1 Kxc1 55. Qc5+ Kb1 56. Qc3 e4 57. Kg1 Ka2 58. Kf1 e3 59. Ke2 Kb1 60.
Kxe3 Ka2 61. Qb4 Ka1 62. Kd3 Ka2 63. Kc2 Ka1 64. Qb2# 1-0

[Event "Challenge"]
[Site "http://www.queenalice.com/game.php?id=1111928"]
[Date "2012.10.13"]
[Round "-"]
[White "jdimas"]
[Black "waveydavey"]
[Result "0-1"]
[WhiteElo "1100"]
[BlackElo "1759"]

1. e3 d5 2. d4 Nc6 3. c4 e6 4. c5 b6 5. Bb5 Ne7 6. b4 a6 7. Bxc6+ Nxc6 8. a3 Be7
9. g3 O-O 10. h4 f5 11. f4 bxc5 12. dxc5 Bf6 13. Ra2 e5 14. Qb3 Be6 15. Rah2 Qe7
16. h5 h6 17. fxe5 Nxe5 18. Bb2 Ng4 19. Rg2 d4 20. Qd3 Nxe3 21. Re2 Rad8 22. Nf3
Bc4 23. Qd2 Bxe2 24. Qxe2 d3 25. Bxf6 Nc2+ 0-1

[Event "THE BIG FINAL."]
[Site "http://www.queenalice.com/game.php?id=1112821"]
[Date "2012.10.15"]
[Round "-"]
[White "Strogonoff"]
[Black "waveydavey"]
[Result "1/2-1/2"]
[WhiteElo "1836"]
[BlackElo "1783"]

1. e4 e5 2. Nf3 d6 3. d4 exd4 4. Nxd4 g6 5. Bd3 Bg7 6. c3 Nf6 7. Bg5 Nbd7 8. Nd2
O-O 9. O-O Nc5 10. Qf3 Bg4 11. Qg3 Nfxe4 12. Bxe4 Qxg5 13. Bf3 Bxd4 14. cxd4
Qxd2 15. Qxg4 Ne6 16. d5 Nc5 17. b3 Qh6 18. Rfe1 f5 19. Qc4 Rac8 20. Re7 Rf7 21.
Rae1 Qf8 22. Rxf7 Qxf7 23. Qe2 Nd7 24. Qe6 Rd8 25. h4 Ne5 26. Be2 Kg7 27. f4 Re8
28. Qxf7+ Nxf7 29. Kf2 Re4 30. g3 Rd4 31. Rc1 Rd2 32. Rxc7 Rxa2 33. Rxb7 a5 34.
Ra7 Rb2 35. Rxa5 Rxb3 36. Ra7 Rb2 37. Ke3 Rb3+ 38. Bd3 h5 39. Kd4 Rb2 40. Ke3
Kf6 41. Bc4 Rc2 42. Bd3 Rg2 43. Kf3 Rd2 1/2-1/2

[Event "Challenge"]
[Site "http://www.queenalice.com/game.php?id=1112822"]
[Date "2012.10.15"]
[Round "-"]
[White "pablonet"]
[Black "waveydavey"]
[Result "0-1"]
[WhiteElo "1658"]
[BlackElo "1761"]

1. e4 c5 2. Nf3 Nc6 3. Bc4 e6 4. d4 cxd4 5. Nxd4 Bc5 6. c3 Nge7 7. Bg5 O-O 8.
O-O f6 9. Bh4 Ng6 10. Bg3 a6 11. Nxc6 bxc6 12. b4 Ba7 13. Bb3 d5 14. e5 f5 15.
Nd2 f4 0-1

[Event "Let's Play Chess!"]
[Site "http://www.queenalice.com/game.php?id=1119794"]
[Date "2012.11.7"]
[Round "-"]
[White "waveydavey"]
[Black "Maltese_Falcon"]
[Result "0-1"]
[WhiteElo "1811"]
[BlackElo "2135"]

1. d4 Nf6 2. Nf3 d5 3. c4 c6 4. e3 Bg4 5. Be2 e6 6. O-O Nbd7 7. Nbd2 Be7 8. h3
Bh5 9. Nh2 Bxe2 10. Qxe2 O-O 11. f4 dxc4 12. Nxc4 Nb6 13. b3 Ne4 14. Rf3 a5 15.
Ne5 Qd5 16. Bd2 a4 17. bxa4 Rxa4 18. f5 f6 19. Nd3 Rxa2 20. Rd1 Qb5 21. fxe6 Nc4
22. Nf1 Nc3 23. Qe1 Nxd1 24. Qxd1 Nxd2 25. Nxd2 Qxd3 26. Rf2 Qxe3 27. Ne4 f5 28.
Nd2 Bh4 29. Qf3 Bxf2+ 30. Qxf2 Qxd2 0-1

[Event "Let's Play Chess!"]
[Site "http://www.queenalice.com/game.php?id=1119796"]
[Date "2012.11.7"]
[Round "-"]
[White "deimont"]
[Black "waveydavey"]
[Result "0-1"]
[WhiteElo "1384"]
[BlackElo "1784"]

1. e4 c5 2. d4 cxd4 3. Qxd4 Nc6 4. Qc3 e6 5. e5 d6 6. f4 d5 7. Bb5 Bd7 8. Bxc6
bxc6 9. b3 a5 10. Bb2 Bb4 11. Na3 Bxc3+ 12. Bxc3 Ne7 13. O-O-O O-O 14. b4 axb4
15. Bxb4 f6 16. Re1 fxe5 17. fxe5 Rf4 18. c3 Nf5 19. Nh3 Re4 20. Kb1 Qh4 21. Nc2
Rb8 22. Ka1 Bc8 23. Bd6 Nxd6 24. exd6 Rc4 25. Rxe6 Bxe6 26. Re1 Bxh3 27. gxh3
Rxc3 28. Re2 Rf8 29. a3 Qf6 30. d7 Rxc2+ 31. Kb1 Qb2# 0-1

[Event "Let's Play Chess!"]
[Site "http://www.queenalice.com/game.php?id=1119797"]
[Date "2012.11.7"]
[Round "-"]
[White "Maltese_Falcon"]
[Black "waveydavey"]
[Result "1-0"]
[WhiteElo "2133"]
[BlackElo "1807"]

1. e4 c5 2. Nf3 Nc6 3. Nc3 e6 4. d4 cxd4 5. Nxd4 Nxd4 6. Qxd4 Nf6 7. e5 Nd5 8.
Nxd5 exd5 9. Qxd5 Be7 10. Be3 O-O 11. O-O-O d6 12. exd6 Bf6 13. d7 Qb6 14. Bxb6
1-0

[Event "Challenge"]
[Site "http://www.queenalice.com/game.php?id=1120686"]
[Date "2012.11.10"]
[Round "-"]
[White "smcneil"]
[Black "waveydavey"]
[Result "1-0"]
[WhiteElo "1786"]
[BlackElo "1828"]

1. e4 e5 2. Nf3 d6 3. d4 Nf6 4. dxe5 Nxe4 5. exd6 Nxd6 6. Nc3 Be7 7. Bd3 O-O 8.
O-O Bg4 9. h3 Bd7 10. a3 Nc6 11. Re1 Nf5 12. Nd5 Bh4 13. Bxf5 Bxf5 14. Nxh4 Qxh4
15. Nxc7 Rad8 16. Qf3 Nd4 17. Qxb7 Nxc2 18. Be3 Nxa1 19. Rxa1 h6 20. Qxa7 Rc8
21. Qa5 Be6 22. Qe5 Rfd8 23. Nxe6 fxe6 24. Qxe6+ Kh8 25. g3 Re8 26. Qb6 Qh5 27.
Kg2 Qd5+ 28. Kh2 Rc2 29. a4 Qe5 30. Bd4 Qg5 31. Qb5 Qd8 32. Bb6 Qf6 33. Qxe8+
Kh7 34. Qe4+ Qg6 35. Qxg6+ Kxg6 36. b4 Rb2 37. Bc5 Rd2 38. a5 Kf6 39. a6 Rd8 40.
b5 Rc8 41. Bd4+ Kg6 42. b6 Rc6 43. a7 1-0

[Event "Challenge"]
[Site "http://www.queenalice.com/game.php?id=1120687"]
[Date "2012.11.10"]
[Round "-"]
[White "waveydavey"]
[Black "smcneil"]
[Result "1-0"]
[WhiteElo "1808"]
[BlackElo "1819"]

1. d4 c5 2. c3 c4 3. e4 e6 4. Bxc4 a6 5. Ne2 b5 6. Bd3 Bb7 7. O-O Nf6 8. f3 d5
9. e5 Nfd7 10. f4 Be7 11. f5 exf5 12. Bxf5 O-O 13. Nf4 Nb6 14. Nd2 Bg5 15. Nf3
Bxf4 16. Bxf4 Nc6 17. Ng5 g6 18. Bc2 Ne7 19. Qg4 Bc8 20. Qh4 h5 21. Qg3 Bf5 22.
Bd1 Kg7 23. Bxh5 Rh8 24. Bg4 Qc8 25. e6 fxe6 26. Be5+ Kg8 27. Bxh8 Kxh8 28. Nf7+
Kg8 29. Ne5 Kg7 30. Bxf5 exf5 31. Rae1 Ra7 32. Nd3 Nc4 33. Re2 Qd7 34. Rfe1 Qe8
35. Nf4 Qf7 36. Re6 Nd2 37. Nh5+ Kh7 38. Nf6+ Kg7 39. Qe5 Kf8 40. Qb8+ Kg7 41.
Qxa7 Nc8 42. Ne8+ Kf8 43. Qxf7+ Kxf7 44. Rf6+ Kg8 45. Rxg6+ Kh7 46. Rg5 Ne4 47.
Rxf5 Nb6 48. Ref1 Kg6 49. Nc7 Nc4 50. Nxa6 Ne3 51. R5f3 Nxf1 52. Rxf1 Nf6 53.
Nc7 Kf7 54. Nxd5 Ke6 55. Nxf6 1-0

[Event "AUTO-ADV-2673"]
[Site "http://www.queenalice.com/game.php?id=1120767"]
[Date "2012.11.10"]
[Round "1"]
[White "waveydavey"]
[Black "Paulsains"]
[Result "1/2-1/2"]
[WhiteElo "1810"]
[BlackElo "1832"]

1. d4 Nf6 2. c4 g6 3. e3 Bg7 4. Nf3 O-O 5. Be2 d6 6. O-O b6 7. Nbd2 Nbd7 8. e4
Bb7 9. Qc2 e5 10. d5 Nc5 11. b4 Na6 12. a3 c6 13. Nh4 cxd5 14. cxd5 Nd7 15. Ndf3
Bf6 16. g3 Qc8 17. Qb2 Nc7 18. Bh6 Re8 19. Rac1 Qd8 20. a4 a5 21. Bd2 Bg7 22.
Bg5 f6 23. Be3 Nf8 24. Bxb6 Re7 25. bxa5 Qb8 26. Rc3 Ne8 27. Bb5 f5 28. exf5 e4
29. Bd4 exf3 30. Bxg7 Nxg7 31. fxg6 Nxg6 32. Nxf3 Bxd5 33. Nd4 Qb7 34. Nc6 Rc7
35. Nb4 Bh1 36. f3 Rxc3 37. Qxc3 Bxf3 38. Rxf3 Rxa5 39. Qc4+ Kh8 40. Nc6 Ra8 41.
Rf7 Qb6+ 42. Qd4 Qxd4+ 43. Nxd4 Ne5 44. Re7 h6 45. Ne6 Nxe6 46. Re8+ Rxe8 47.
Bxe8 Nc7 48. Bb5 d5 49. h4 d4 50. Kf2 Kg7 51. h5 Kf6 52. Ke2 Kf5 53. Kf2 Ke4 54.
Ke2 d3+ 55. Kd2 Kf3 56. Bxd3 Nxd3 57. Kxd3 Kxg3 58. Kc4 Kg4 59. a5 Kxh5 60. Kc5
Kg5 61. Kc6 Na8 62. Kb7 h5 63. a6 h4 64. a7 h3 65. Kxa8 h2 66. Kb8 1/2-1/2

[Event "AUTO-ADV-2673"]
[Site "http://www.queenalice.com/game.php?id=1120768"]
[Date "2012.11.10"]
[Round "1"]
[White "Paulsains"]
[Black "waveydavey"]
[Result "0-1"]
[WhiteElo "1900"]
[BlackElo "1786"]

1. e4 c5 2. Nf3 Nc6 3. Bc4 e6 4. O-O Nf6 5. Nc3 Be7 6. d4 cxd4 7. Nxd4 O-O 8.
Be3 d5 9. exd5 exd5 10. Nxc6 bxc6 11. Bb3 Ng4 12. h3 Ne5 13. f4 Ng6 14. Ne2 Nh4
15. g4 Ba6 16. Rf2 Bf6 17. c3 Re8 18. Bd4 Re4 19. Ng3 Re6 20. f5 Re7 21. Bxf6
gxf6 22. Nh5 Re3 23. Kh2 Qd6+ 24. Nf4 Bd3 25. Kg1 Be4 26. Kf1 Nf3 27. Ng2 Bd3+
0-1

[Event "AUTO-ADV-2673"]
[Site "http://www.queenalice.com/game.php?id=1120769"]
[Date "2012.11.10"]
[Round "1"]
[White "waveydavey"]
[Black "Lopesq"]
[Result "0-1"]
[WhiteElo "1824"]
[BlackElo "1601"]

1. d4 d5 2. c4 dxc4 3. e3 c6 4. Bxc4 e6 5. Nf3 Nf6 6. O-O Be7 7. Nbd2 Nbd7 8. b3
O-O 9. Bb2 Nb6 10. Qc2 Nxc4 11. bxc4 h6 12. h3 b5 13. c5 a5 14. Nh2 Nh5 15. Qe4
Bb7 16. Qg4 Nf6 17. Qg3 a4 18. e4 Nh7 19. d5 Bxc5 0-1

[Event "AUTO-ADV-2673"]
[Site "http://www.queenalice.com/game.php?id=1120770"]
[Date "2012.11.10"]
[Round "1"]
[White "Lopesq"]
[Black "waveydavey"]
[Result "1-0"]
[WhiteElo "1614"]
[BlackElo "1799"]

1. d4 d5 2. c3 c5 3. dxc5 e6 4. b4 Nf6 5. e3 Nc6 6. Bb2 Be7 7. Nf3 O-O 8. Bb5
Bd7 9. O-O a6 10. Bxc6 bxc6 11. Ne5 Bc8 12. Nxc6 Qc7 13. Nxe7+ Qxe7 14. Nd2 Bd7
15. a4 a5 16. b5 Rab8 17. Ba3 Ne8 18. c6 Nd6 19. cxd7 Qxd7 20. Bxd6 Qxd6 21. Nf3
h6 22. h3 f5 23. c4 Rbd8 24. cxd5 e5 25. Nh4 Qf6 26. Nf3 Rd6 27. Qb3 Rb8 28.
Rad1 Rc8 29. Qa2 Rc5 30. Nh2 1-0

[Event "AUTO-ADV-2673"]
[Site "http://www.queenalice.com/game.php?id=1120771"]
[Date "2012.11.10"]
[Round "1"]
[White "waveydavey"]
[Black "Artking"]
[Result "1-0"]
[WhiteElo "1804"]
[BlackElo "1921"]

1. d4 Nf6 2. c4 d5 3. e3 c6 4. Nc3 Bf5 5. Bd3 Qd7 6. Nge2 Na6 7. a3 Bg6 8. O-O
Nc7 9. f4 Bxd3 10. Qxd3 e6 11. h3 dxc4 12. Qxc4 a6 13. b4 Rc8 14. Bb2 Ncd5 15.
Qd3 Nxc3 16. Nxc3 Be7 17. Ne4 Nd5 18. Ng3 f5 19. Rf3 Nf6 20. Raf1 O-O 21. e4
fxe4 22. Nxe4 Rcd8 23. Nc5 Bxc5 24. bxc5 Qd5 25. Bc3 Ne4 26. Qe3 Nxc3 27. Qxc3
Qxd4+ 28. Qxd4 Rxd4 29. Rb3 Rdxf4 30. Rxf4 Rxf4 31. Rxb7 Rc4 32. Ra7 Ra4 33. Rc7
Rc4 34. Rxc6 a5 35. Rxe6 Rxc5 36. Re4 Kf7 37. a4 g5 38. Rd4 Ke6 39. Re4+ Kf5 40.
Rd4 Ke5 41. Rg4 h6 42. Kf2 Rc2+ 43. Kg3 Kd5 44. h4 Rc4 45. hxg5 Rxg4+ 46. Kxg4
hxg5 47. Kxg5 Ke6 48. Kg6 Ke5 49. g4 Ke6 50. g5 Ke7 51. Kh7 1-0

[Event "AUTO-ADV-2673"]
[Site "http://www.queenalice.com/game.php?id=1120772"]
[Date "2012.11.10"]
[Round "1"]
[White "Artking"]
[Black "waveydavey"]
[Result "1/2-1/2"]
[WhiteElo "1897"]
[BlackElo "1825"]

1. e4 e5 2. f4 Nf6 3. fxe5 Nxe4 4. Nf3 Bc5 5. d4 Be7 6. Bc4 O-O 7. Bd3 d5 8.
exd6 Nxd6 9. h4 Nf5 10. Nc3 Nc6 11. d5 Ncd4 12. Nxd4 Nxd4 13. Bf4 Bxh4+ 14. g3
Qe7+ 15. Kf2 Bf5 16. Rxh4 g5 17. d6 cxd6 18. Nd5 Qe6 19. Qh5 gxh4 20. Bxf5 hxg3+
21. Kf1 Nxf5 22. Qg5+ Qg6 23. Qxf5 Qxf5 24. Ne7+ Kh8 25. Nxf5 h5 26. Kg2 Rg8 27.
Bxd6 Rad8 28. Rd1 f6 29. Rh1 Rg5 30. Rf1 Kh7 31. Bb4 Rdg8 32. Rf3 Rg4 33. Be7 h4
34. Nxh4 Rxh4 35. Rxg3 Rxg3+ 36. Kxg3 Rh6 37. c4 Kg6 38. Bc5 b6 39. Bd6 Rh5 40.
b4 f5 41. c5 Rg5+ 42. Kf3 bxc5 43. bxc5 Kf6 44. Kf4 Rg6 45. c6 Ke6 46. c7 Rg8
47. Bc5 a6 48. a4 Kd5 49. Bb6 a5 50. Bxa5 Kd6 51. Kxf5 Kd7 52. Bb6 Re8 53. a5
Re6 54. Kf4 Rc6 55. Ke4 Kd6 56. Kd4 Kd7 1/2-1/2